| 000 | 005720000a22001930004500 | ||
|---|---|---|---|
| 001 | 004891 | ||
| 003 | MACL | ||
| 005 | 20150730142025.0 | ||
| 008 | 150730b xxu||||| |||| 00| 0 eng d | ||
| 040 |
_aMACL _cMACL |
||
| 041 | _aEnglish | ||
| 082 | _a342.54/KAS | ||
| 100 |
_aKashyap, Subhash C. _91560 |
||
| 245 |
_aOur Constitution _bAn Introduction To India's Constitution And Constitutional Law _cSubhash C. Kashyap |
||
| 260 |
_aNew Delhi _c1994 _bNational Book Trust, |
||
| 350 | _a100 | ||
| 650 |
_aInstitutional And Administrative Law _93458 |
||
| 942 |
_k343 _cBK _2ddc |
||
| 999 |
_c16774 _d16774 |
||